Get the Picture: Mathematicians Quiz Stats

 Plays Quiz Updated Jun 16, 2019

Score 0/16 Timer 04:00
0 Plays Today
Question Answer Wrong Answers
Which mathematician was English? Isaac Newton
87.7%
Leonhard Euler
3%
Carl Friedrich Gauss
1.9%
Euclid of Alexandria
1.5%
Which mathematician was Greek? Euclid of Alexandria
86.6%
Isaac Newton
1.7%
Leonhard Euler
3.1%
Carl Friedrich Gauss
2.2%
Which mathematician's laws of motion laid the foundation of classical mechanics? Isaac Newton
81.8%
Leonhard Euler
4.2%
Carl Friedrich Gauss
3.2%
Euclid of Alexandria
4.5%
Which mathematician was German? Carl Friedrich Gauss
77.1%
Isaac Newton
3%
Leonhard Euler
12.5%
Euclid of Alexandria
1.3%
Which mathematician appears in Raphael's The School of Athens? Euclid of Alexandria
76.7%
Isaac Newton
6.5%
Leonhard Euler
5.8%
Carl Friedrich Gauss
4.8%
Which mathematician is the namesake of an S.I. unit? Isaac Newton
75%
Leonhard Euler
5.2%
Carl Friedrich Gauss
11.2%
Euclid of Alexandria
2.4%
Which mathematician was Swiss? Leonhard Euler
61.7%
Isaac Newton
2.3%
Carl Friedrich Gauss
28.1%
Euclid of Alexandria
1.8%
Which mathematician is known as the 'Father of Geometry'? Euclid of Alexandria
60.1%
Isaac Newton
7.9%
Leonhard Euler
18.4%
Carl Friedrich Gauss
7.5%
Which mathematician developed calculus in the 17th century? Isaac Newton
56.4%
Leonhard Euler
18%
Carl Friedrich Gauss
12.8%
Euclid of Alexandria
6.7%
Which mathematician is the namesake of the identity e + 1 = 0? Leonhard Euler
55.4%
Isaac Newton
13%
Carl Friedrich Gauss
15.5%
Euclid of Alexandria
9.7%
Which mathematician's formula V - E + F = 2 laid the foundation for topology? Leonhard Euler
46.6%
Isaac Newton
9.7%
Carl Friedrich Gauss
25.2%
Euclid of Alexandria
12%
Which mathematician wrote The Elements? Euclid of Alexandria
41.8%
Isaac Newton
23.3%
Leonhard Euler
15.7%
Carl Friedrich Gauss
13.2%
Which mathematician rediscovered the dwarf planet Ceres? Carl Friedrich Gauss
32%
Isaac Newton
31.8%
Leonhard Euler
18.5%
Euclid of Alexandria
12%
Which mathematician became blind from cataracts? Leonhard Euler
31.4%
Isaac Newton
16.6%
Carl Friedrich Gauss
25.5%
Euclid of Alexandria
21.3%
Which mathematician wrote the first systematic textbook on algebraic number theory? Carl Friedrich Gauss
30.5%
Isaac Newton
17.1%
Leonhard Euler
25.7%
Euclid of Alexandria
20.7%
Which mathematician first proved the Fundamental Theorem of Arithmetic? Carl Friedrich Gauss
24.3%
Isaac Newton
12.6%
Leonhard Euler
20.3%
Euclid of Alexandria
37%

Today's Daily Dose

Missing Word
Celine Dion

Word Ladder
Dr. Seuss Books

Quick Pick
Cities in India

Get the Picture
'A' Actresses

You're not logged in!

Compare scores with friends on all Sporcle quizzes.
OR
Log In

Sporcle TV

Today on Sporcle TV


Watch our educational content, quiz creation guides, and fun videos on Sporcle TV.

Show Comments

Extras

Top Quizzes Today


Score Distribution

Your Account Isn't Verified!

In order to create a playlist on Sporcle, you need to verify the email address you used during registration. Go to your Sporcle Settings to finish the process.

Report this User

Report this user for behavior that violates our Community Guidelines.

Details: